000 00736nam a2200229 4500
010 _a566316
020 _a261615920
035 _a566316
037 _bCen Lib / Ret
040 _aDPL
_bEN
082 _a954.09
_bBET
100 _aBettelheim, Charles
245 _aIndia Independent /
_cby Charles Bettelheim ; translated from the French by W. A. Caswell
260 _aDelhi
_bUBS Publishers
_c1968
270 _a5 Daryaganj , Ansari Road
_bDelhi
300 _axv, 410p.
_b24cm(Hb)
650 _aIndia -- Economic policy -- 1947-
650 _aIndia -- Economic conditions -- 1947-
650 _aIndia -- Politics and government -- 1947-
700 _aCaswell, W. A.
942 _2ddc
_cEN
_h954.09
_mBET
999 _c136802
_d136802